<?xml version="1.0" encoding="UTF-8"?>
<record
    xmlns:xsi="http://www.w3.org/2001/XMLSchema-instance"
    xsi:schemaLocation="http://www.loc.gov/MARC21/slim http://www.loc.gov/standards/marcxml/schema/MARC21slim.xsd"
    xmlns="http://www.loc.gov/MARC21/slim">

  <leader>00897cam a22002411  4500</leader>
  <controlfield tag="001">he 68003788 </controlfield>
  <controlfield tag="003">DLC</controlfield>
  <controlfield tag="005">20260227111506.0</controlfield>
  <controlfield tag="008">821222s1966    is            000 0 heb  </controlfield>
  <datafield tag="010" ind1=" " ind2=" ">
    <subfield code="a">he 68003788 </subfield>
  </datafield>
  <datafield tag="035" ind1=" " ind2=" ">
    <subfield code="a">(OCoLC)19160131</subfield>
  </datafield>
  <datafield tag="040" ind1=" " ind2=" ">
    <subfield code="a">DLC</subfield>
    <subfield code="c">MH</subfield>
    <subfield code="d">DLC</subfield>
  </datafield>
  <datafield tag="042" ind1=" " ind2=" ">
    <subfield code="a">premarc</subfield>
  </datafield>
  <datafield tag="050" ind1="0" ind2="0">
    <subfield code="a">BS1225</subfield>
    <subfield code="b">.A26825 1966</subfield>
  </datafield>
  <datafield tag="100" ind1="0" ind2=" ">
    <subfield code="a">Abraham ben Elijah,</subfield>
    <subfield code="c">of Vilna,</subfield>
    <subfield code="d">approximately 1750-1808.</subfield>
  </datafield>
  <datafield tag="245" ind1="1" ind2="0">
    <subfield code="a">Tirgem Avraham :</subfield>
    <subfield code="b">&#x2BB;al Targum On&#x1E33;elos.  &#x1E32;un&#x1E6D;res Shesh moshzar :</subfield>
    <subfield code="b">&#x2BB;al ezeh targumim /</subfield>
    <subfield code="c">me-et Shelomoh Zalman ben Yits&#x1E25;a&#x1E33; me-&#x1E7E;ilna.</subfield>
  </datafield>
  <datafield tag="260" ind1=" " ind2=" ">
    <subfield code="a">Jerusalem :</subfield>
    <subfield code="b">Y.A. Landa,</subfield>
    <subfield code="c">[1966?]</subfield>
  </datafield>
  <datafield tag="300" ind1=" " ind2=" ">
    <subfield code="a">25 leaves ;</subfield>
    <subfield code="c">23 cm.</subfield>
  </datafield>
  <datafield tag="500" ind1=" " ind2=" ">
    <subfield code="a">Photo-offset of Jerusalem, 1895 or 1896 ed.</subfield>
  </datafield>
  <datafield tag="630" ind1="0" ind2="0">
    <subfield code="a">Bible.</subfield>
    <subfield code="p">Pentateuch.</subfield>
    <subfield code="l">Aramaic.</subfield>
    <subfield code="s">On&#x1E33;elos</subfield>
    <subfield code="x">Commentaries.</subfield>
  </datafield>
  <datafield tag="700" ind1="0" ind2=" ">
    <subfield code="a">Solomon Zalman ben Isaac,</subfield>
    <subfield code="c">of Volozhin,</subfield>
    <subfield code="d">1756-1788.</subfield>
    <subfield code="t">Shesh moshzar.</subfield>
  </datafield>
  <datafield tag="752" ind1=" " ind2=" ">
    <subfield code="a">Israel</subfield>
    <subfield code="d">Jerusalem</subfield>
  </datafield>
  <datafield tag="999" ind1=" " ind2=" ">
    <subfield code="c">33980</subfield>
    <subfield code="d">33980</subfield>
  </datafield>
</record>
